000 00488 a2200157 4500
020 _a0521819164
024 _a9780521819169
082 _a658.155
090 _c2736
_d2736
100 _aJane Philippe Bouchaud
245 _aTheory of Financial Risk and Derivative Pricing
_bFrom Statical Physics to Risk Management
_cJean Philippe Bouchaud
_hMarc Potters
250 _a2nd Ed.
260 _aNew York
_bCambridge University Press
_c2000
300 _a379
942 _aNBS
_cBK
_k658.155 BOU
999 _c345227
_d345227